000 00355nam a2200157Ia 4500
008 230312s9999||||xx |||||||||||||| ||und||
020 _a9788126519316
082 _a621.392
_bPAT-D
100 _aPadmanabhan, T. R.
245 0 _aDesign Through Verilog HDL
260 _bWiley
300 _a455
546 _aEng.
650 _aEngineering
942 _cBK
999 _c4669
_d4669